000 00793nam a22002657a 4500
001 BR8205570
003 BR-BrBNA
005 20230928091447.0
007 ta
008 230509b bl.||||| |||| 00| 0 por d
040 _aBR-BrBNA
_bpor
_cBiblioteca Nacional de Agricultura
041 _a(Por)
072 _aU20
_b/G514
090 _ U20 BR8205570
110 1 _aSecretaria de Coordenacao e Planejamento, Sao Luis, MA (Brasil)
_98719
245 1 _aDiretrizes para normalizacao de publicacoes Oficiais do Estado do Maranhao [Sao Luis, Brasil]
260 3 _aSao Luis, MA (Brasil):
_c1982.
300 _a43 p.
500 _a9 tables; 5 graphs
650 _aDOCUMENTACAO
650 _aSISTEMA DE INFORMACAO
650 _aMARANHAO
909 _a202309
_bLucia
_c55
_dLucia Elande
942 _cBK
999 _c33961
_d33961